| 000 | 00366 a2200145 4500 | ||
|---|---|---|---|
| 005 | 20250531143557.0 | ||
| 020 | _a0 7517 0190 4 | ||
| 082 | _a657.45 ACC | ||
| 100 | _aACCA | ||
| 245 | _aStudy Text Certificate Paper 6 : The Audit Framework. | ||
| 250 | _a8th Ed | ||
| 260 |
_aLondon, _bBPP, _c2000. |
||
| 300 |
_axxii, 476p.: ill.; _bIndex _c29cm. |
||
| 942 |
_2ddc _cBKS |
||
| 999 |
_c2927 _d2927 |
||